Plan estratégico de marketing para la clínica Ultra Imagen, ubicada en la ciudad de Estelí, periodo 2019-2022
La clínica Ultra Imagen es una empresa dedicada al diagnóstico de laboratorio y Radiología, fue fundada en el año 2007 con sede en Estelí, La clínica busca tener estrategias que ayuden a establecer un mejor contacto, manteniendo una buena relación con el cliente y capacidad de adaptación...
| Main Authors: | , |
|---|---|
| Other Authors: | |
| Format: | Tesis Section = Libro |
| Language: | Undetermined Spanish |
| Published: |
Managua
UNI/RUACS
2021
|
| Subjects: |
| LEADER | 01236nam a2200253Ia 4500 | ||
|---|---|---|---|
| 008 | 240830s9999 xx 000 0 und d | ||
| 040 | |a BIBLIOTECA-RUPAP Mon 658.4012 T712 | ||
| 041 | |a spa | ||
| 082 | |a Mon 658.4012 T712 | ||
| 100 | 1 | |a Toruño Acuña, María Guadalupe | |
| 100 | 1 | |b Herrera Rodríguez, Ana Patricia | |
| 245 | 1 | 0 | |a Plan estratégico de marketing para la clínica Ultra Imagen, ubicada en la ciudad de Estelí, periodo 2019-2022 |
| 260 | |a Managua |b UNI/RUACS |c 2021 | ||
| 300 | |a 87p. :il. | ||
| 500 | |a Contiene: anexos y CD. | ||
| 502 | |a Tesis (Ingeniero de Sistemas)- UNI, 2021. | ||
| 520 | 3 | |a La clínica Ultra Imagen es una empresa dedicada al diagnóstico de laboratorio y Radiología, fue fundada en el año 2007 con sede en Estelí, La clínica busca tener estrategias que ayuden a establecer un mejor contacto, manteniendo una buena relación con el cliente y capacidad de adaptación del entorno para permanecer a largo plazo en el mercado y buscar el éxito de la organización. | |
| 650 | 7 | |a PLANEACION ESTRATEGICA | |
| 650 | 7 | |b ESTRATEGIA EMPRESARIAL | |
| 650 | 7 | |c MERCADO | |
| 700 | 1 | |a Tutor: |b Pineda Rodríguez, Keyling Mayela | |
| 942 | |c BK |2 ddc | ||
| 991 | |a TESIS | ||
| 999 | |c 18837 | ||